000 00871 a2200253 4500
003 OSt
005 20180116192402.0
008 120703t xxu||||| |||| 00| 0 eng d
010 _a 2006283822
020 _a071484546- X
020 _a9780714845685
040 _c0
082 _a791.430233092
100 1 _aLe Berre, Carole.
_95458
245 1 0 _aFrançois Truffaut at work /
_cCarole Le Berre ; [translated by Bill Krohn].
250 _aEnglish ed.
260 _aLondon ;
_aNew York :
_bPhaidon Press,
_cc2005.
300 _a319 p. :
_bill. (some col.) ;
_c29 cm.
600 1 0 _aTruffaut, François
_xCriticism and interpretation.
_95459
650 1 0 _aMotion picture producers and directors
_95460
650 1 0 _aMotion pictures
_zFrance
_95461
942 _aSADA
_cBK
_k791.430233092 LEB 2005
_2ddc
999 _c353352
_d353352